000 00333 a2200109 4500
001 ART_17853
005 20260410161701.0
008 260409a
245 1 0 _aEl comportamiento del consumo agregado en la Argentina
100 1 _aLeone, Alfredo Mario
773 0 _tEnsayos Económicos
_g- Nº 14 (jun. 1980)
_wREV620
999 _c15154
_d15154